000 01035nam a2200301 a 4500
001 BRCA_8144
005 20190320210142.0
008 280414s1948----sz-a###f##---#001-0#ger-#
041 _ager
044 _asz
050 4 _aN3650
_b.S3 2 1948
245 1 0 _aDas schweizerische landesmuseum 1898-1948
_bkunst, handwerk und geschichte
_credaktion Dietrich W. H. Schwarz ; photographien A. Senn.
260 _aZúrich
_bAtlantis
_c1948
300 _a78 p.
_bil., 186 láminas
_c31 cm.
440 0 _aDomine Serva nos in pace
_920288
500 _aFeria del libro para conmemorar el 50 aniversario de la apertura
500 _aIncluye índice de ilustraciones
500 _aEjemplar igual a S30
500 _aX15
610 2 4 _aMuseo Nacional de Suiza
_vFerias de libro
_920289
650 1 4 _aArte
_vExposiciones
_zSuiza
_920290
650 1 4 _aArte
_vHistoria
_zSuiza
_920291
651 4 _aSuiza
_vArte
_y1898-1948
_920292
700 1 _aSchwarz, Dietrich W. H.
_920293
700 1 _aSenn, A.
_efot.
_920294
902 _aGFM
942 _2lcc
_cB
999 _c7812
_d7812